[Event "Goodricke op 12th"]
[Site "Kolkata"]
[Date "2001.02.14"]
[Round "9"]
[White "Garma, Chito"]
[Black "Rausis, Igors"]
[Result "1-0"]
[WhiteElo "2400"]
[BlackElo "2525"]
[Annotator "Postny,E"]
[PlyCount "67"]
[EventDate "2001.02.06"]
[EventType "swiss"]
[EventRounds "11"]
[EventCountry "IND"]
[SourceTitle "CBM 082"]
[Source "ChessBase"]
[SourceDate "2001.05.17"]
[SourceVersion "1"]
[SourceVersionDate "2001.05.17"]
[SourceQuality "1"]

1. e4 e5 2. Nf3 Nc6 3. d4 exd4 4. Nxd4 Nf6 5. Nxc6 bxc6 6. e5 Nd5 {Rare move.
The main line is 6...Qe7 7.Qe2 and then 7...Nd5.} 7. c4 (7. Bd3 d6 8. exd6 Bxd6
9. O-O Qh4 10. g3 Qh3 11. Re1+ Be6 12. Bf1 Qf5 13. Bd3 Qh3 14. Bf1 Qf5 15. Bd3
{1/2-1/2 Arnold,L-Rausis,I/Germany 1996/GER-chT2 (15)}) 7... Nb6 8. Nc3 (8. Bd3
{is probably more precisely.} d5 (8... g6 $142 {[%cal Gf8g7]}) 9. exd6 cxd6 (
9... Bxd6 $14) 10. O-O Be7 11. Qf3 Bb7 $6 (11... d5 $5) 12. Re1 $16 {1-0 Drei,
A-Thorsteinsson,E/Reykjavik 2000/CBM 75 ext (55)}) 8... d5 (8... Qe7 9. Qe2 {
could lead to one of the main variants.}) 9. Be3 $146 ({More solid alternative
is:} 9. exd6 cxd6 10. Be2 (10. Be3 Be7 11. Qf3 Bb7 12. Rd1 Qc7 13. Bd3 $14)
10... Be6 11. Bf3 Rc8 12. b3 Be7 13. Bf4 O-O 14. O-O Bf6 15. Rc1 d5 16. cxd5
Nxd5 17. Nxd5 Bxd5 18. Bxd5 Qxd5 19. Qc2 $14 {1/2-1/2 Novy,V-Basta,J/Svetla
nad Sazavou 1999/EXT 2000 (41)}) 9... Bb4 (9... Nxc4 10. Bxc4 dxc4 11. Qa4 $14)
({Deserving attention} 9... Be6 10. cxd5 Nxd5 (10... cxd5 $2 11. Bb5+ $16)) 10.
c5 {A committing move and the only way to fight for the initiative.} ({Worse is
} 10. Qb3 $6 Qe7 11. a3 Ba5 $15) 10... Nd7 11. Qg4 {[%csl Rb4,Rg7]} Bxc3+ 12.
bxc3 Kf8 (12... Qe7 $2 13. Qxg7 Qxe5 14. Qxe5+ Nxe5 15. Bd4 f6 16. f4 $16) ({
Deserved attention exchange sacrifice:} 12... O-O $5 13. Bh6 g6 14. Bxf8 Qxf8
15. Qd4 Nxc5 16. Be2 $14) 13. Qd4 Qe7 14. f4 f6 {[%csl Re5][%cal Yf8f7]} 15.
Be2 $1 ({Worse is:} 15. exf6 Nxf6) 15... Kf7 ({Opening "f" file is deadly for
black:} 15... fxe5 $2 16. fxe5 Nxe5 17. O-O+ Kg8 18. Rae1 {[%csl Ya8,Ge1,Gf1,
Rg8,Yh8] with devastating initiative}) 16. Qa4 {[%csl Rc6]} Bb7 (16... Qe6 $6
17. O-O Re8 18. Bd4 $16) 17. Rb1 Rhb8 18. O-O (18. Rxb7 $5 Rxb7 19. Qxc6 Rb1+
20. Bd1 Rab8 (20... Rd8 21. Qxc7 fxe5 22. O-O $16 {[%cal Gd1h5]}) 21. Qxd5+ Qe6
(21... Kf8 22. O-O $16) 22. Qxe6+ (22. Qd3 fxe5 23. fxe5) 22... Kxe6 23. c6 Nb6
24. O-O {[%csl Rb1][%cal Gd1g4]} Nd5 $13) 18... Nxc5 19. Qd4 Ne6 (19... Ne4 20.
Rb3 $44 {[%cal Gf1b1]} c5 $6 (20... Bc8 $5) 21. Qa4 c4 $2 {[%tqu "En","Find
the best move for white.","","","b3b7","",10]} 22. Rxb7 $1 Rxb7 23. Qc6 Nxc3
24. Bh5+ g6 25. Qxb7 $18) 20. Qd3 {[%csl Rh7]} Kg8 21. f5 $6 (21. exf6 gxf6 $1
{[%cal Ge6c5]} (21... Qxf6 $2 22. f5 Ng5 23. Bd4 Qd6 {[%cal Gc6c5]} 24. Qe3 Ne4
25. Bxa7 $18) 22. Kh1 Bc8 $1 $13 (22... Nc5 23. Bxc5 Qxc5 24. Qg3+ Kh8 25. Bd3
$40)) 21... Nc5 22. Qd4 (22. exf6 $142 gxf6 {[%csl Re2,Re3]}) 22... Ne4 23. e6
c5 $6 ({Much stronger was} 23... Qa3 $1 $17) 24. Qd3 c4 25. Qc2 c5 ({Again
better was:} 25... Qa3 {[%csl Rc3]} 26. Bxc4 $1 dxc4 27. Rxb7 Rxb7 28. Qxe4 Qa6
$13) 26. Bf3 g6 $2 {[%csl Rg8] After this suicid move black's position can not
be saved.} (26... Nxc3 $2 27. Qxc3 d4 28. Qb2) (26... Rc8 $5 27. Bxe4 dxe4 28.
Qf2 $14) 27. Bxe4 dxe4 28. Qf2 {[%csl Rc5,Rf6] Suddenly white got winning
position.} gxf5 $6 ({More stubborn was} 28... Bc6 29. Bxc5 Qg7 30. Rxb8+ Rxb8
31. Bxa7 Ra8 32. Bd4 gxf5 33. Qe2 $18 {[%cal Gf1f5,Ge2c4]}) 29. Bxc5 Qxe6 (
29... Qg7 $142 30. Qxf5 e3 31. g3 $18) 30. Bxa7 {[%csl Rb7,Rb8] Now it's all
over.Black losing at least a piece.} e3 31. Qg3+ Kh8 32. Bxb8 Bc6 33. Bf4 e2
34. Rfe1 1-0

[Event "Goodricke op 12th"]
[Site "Kolkata"]
[Date "2001.02.14"]
[Round "9"]
[White "Ganguly, Surya Shekhar"]
[Black "Sharma, Dinesh Kumar"]
[Result "1-0"]
[WhiteElo "2456"]
[BlackElo "2353"]
[Annotator "Postny,E"]
[PlyCount "101"]
[EventDate "2001.02.06"]
[EventType "swiss"]
[EventRounds "11"]
[EventCountry "IND"]
[SourceTitle "CBM 082"]
[Source "ChessBase"]
[SourceDate "2001.05.17"]
[SourceVersion "1"]
[SourceVersionDate "2001.05.17"]
[SourceQuality "1"]

1. e4 e5 2. Nf3 Nc6 3. d4 exd4 4. Nxd4 Bc5 5. Be3 Qf6 6. c3 Nge7 7. Bc4 b6 8.
O-O Bb7 9. Nb5 (9. Nb3 Ne5 10. Nxc5 bxc5 11. Bd5 Nxd5 12. exd5 Qd6 13. Bf4 O-O
14. c4 c6 15. Nc3 cxd5 16. Re1 Rfe8 17. cxd5 Qf6 18. Bg3 $14 {1-0 Baklan,
V-Macieja,B/Zagan 1997/CBM 59 ext (39)}) (9. f4 O-O-O 10. e5 Qh6 11. Qd2 f6 12.
Na3 Nxd4 13. cxd4 Bxa3 14. bxa3 Nf5 15. Rac1 fxe5 16. dxe5 Kb8 17. Bd3 Qe6 18.
Rfe1 Rc8 19. a4 {1/2-1/2 Chandler,M-Speelman,J/Hastings 1991/CBM 27 (19)}) 9...
O-O-O 10. Bxc5 bxc5 11. Nd2 Kb8 $5 $146 (11... a6 12. Na3 d5 13. exd5 Nxd5 14.
Qf3 Ne5 15. Qxf6 gxf6 16. Bxd5 Bxd5 17. f3 Bxa2 18. Ne4 Be6 19. Nxc5 Rd2 20.
Rf2 Rhd8 21. Rxd2 Rxd2 22. Nb5 Bh3 {1/2-1/2 Boe,M-Aagaard,J/DEN-chB 1992/TD 
(22)}) 12. f4 d5 ({The alternative is:} 12... a6 13. Na3 {and now} d5 14. exd5
Nxd5 15. Ne4 Nxc3 $5 16. bxc3 Rxd1 17. Nxf6 Rxa1 18. Rxa1 gxf6 $13) 13. exd5
Nxd5 14. Ne4 Qf5 $6 ({Interesting tactical blow} 14... Nxc3 $5 {leads to
simplification of position and gives black a counterplay:} 15. Nbxc3 (15. bxc3
Rxd1 16. Nxf6 Rxa1 17. Rxa1 (17. Nd7+ Kc8 18. Rxa1 Kxd7 19. Bxf7 a6 20. Na3 Rf8
$15) 17... gxf6 18. Bxf7 Rd8 $132) 15... Rxd1 16. Nxf6 Rxa1 (16... Rd4 17. Bxf7
gxf6 $14) 17. Rxa1 gxf6 18. Bxf7 Rd8 $13) 15. Nbd6 $1 {This move brings to
white an advantage.} (15. Ng3 Qd7 $11) 15... cxd6 16. Bxd5 {Black improved his
queenside pawnstructure, but rook d8 became passive and white controlling
important d5 square.} Na5 (16... Rhe8 17. Ng3 {[%cal Yd1h5]} Qg6 (17... Qd7 18.
Qh5 $16 {[%csl Rf7,Rh7]}) 18. Qf3 $16) 17. c4 Bxd5 18. Ng3 {Important
intermediate move.} Qd7 (18... Qe6 19. cxd5 Qe3+ 20. Kh1 $16 {[%csl Rb8][%cal
Gg3f5,Gd1a4,Gf1f3,Gf3a3]}) 19. Qxd5 Qb7 20. b3 {[%csl Ya5]} g6 21. Rfe1 Rd7 (
21... Qxd5 22. cxd5 Rhe8 23. Ne4 $16 {[%csl Rd6,Yf6][%cal Ge4g5,Ge4f6]}) 22.
Ne4 Qxd5 23. cxd5 {The endgame is very tough for black.} f5 24. Ng5 {[%csl Ye6]
} Nb7 25. Re3 Kc8 26. Rae1 Kd8 ({More logical move is:} 26... Kc7 {[%cal Gc7b6,
Ga7a5,Gb6b5,Yc5c4,Ya5a4]}) 27. a3 $6 {Strange move.White creating himself a
weekness on b3.} (27. Kf2 {is the most natural and recommended.}) 27... a5 28.
Kf2 Kc7 29. Re8 $2 {Wrong invasion.} (29. Re7 {was the right one.} h6 30. Ne6+
Kc8 31. Rg7 $1 Rxg7 32. Nxg7 {[%cal Ge1e6] with good winning chances.}) 29...
Rxe8 30. Rxe8 Kb6 31. Ne6 a4 $6 {Too nervous.} ({After normal} 31... Kb5 {
[%cal Ga5a4] black has sufficient counterplay.}) 32. bxa4 Na5 ({Black cann't
win the pawn back:} 32... Ka5 33. Ra8+) 33. Ke2 Ka7 $2 {The decisive mistake.}
({The only chance was:} 33... Nc4 34. Kd3 Nxa3 35. Ra8 $1 $16) 34. Rd8 Rxd8 35.
Nxd8 {This endgame is lost for black.} Nc4 36. Nf7 Nb6 37. Nxd6 Nxd5 38. g3
Nc3+ 39. Kd3 Nxa4 {Black managed to equalize the material, but white pieces
are far more active at the moment.} 40. Kc4 Nb2+ (40... Kb6 {doesn't save as
well;} 41. Kb3 Ka5 42. Nc4+ Kb5 43. h3 $22 {Black can not play now 43...Nb6,
due to lost pawn endgame.Only pawn moves remained...} h6 (43... h5 44. h4 $18)
44. g4 fxg4 45. hxg4 h5 46. f5 $1 h4 47. fxg6 h3 48. Nd6+ $18 {[%csl Yh1][%cal
Gd6e4,Ge4g3]}) 41. Kxc5 Nd3+ 42. Kd5 Nf2 43. Ke6 Ng4 44. h4 Nf2 45. Kf7 Ne4 {
[%tqu "En","Find the most convincing move for white.","","","f7g7","",10]} 46.
Kg7 $1 Nxg3 (46... Nxd6 47. Kxh7 Ne4 48. Kxg6 Nxg3 49. h5 {with easy win.}) 47.
Kxh7 Nh5 48. Kxg6 Nxf4+ 49. Kxf5 Nh5 50. Ne8 Ka6 51. Kg4 {Black knight is
finally trapped.Black resigned.} 1-0

[Event "EU-chT (Men) 14th"]
[Site "Plovdiv"]
[Date "2003.10.19"]
[Round "8.4"]
[White "Nedev, Trajce"]
[Black "Gyimesi, Zoltan"]
[Result "1-0"]
[WhiteElo "2480"]
[BlackElo "2537"]
[Annotator "Postny,E"]
[PlyCount "41"]
[EventDate "2003.10.10"]
[EventType "team-swiss"]
[EventRounds "9"]
[EventCountry "BUL"]
[SourceTitle "CBM 098"]
[Source "ChessBase"]
[SourceDate "2004.02.03"]
[SourceVersion "1"]
[SourceVersionDate "2004.02.03"]
[SourceQuality "1"]
[WhiteTeam "Macedonia"]
[BlackTeam "Hungary"]
[WhiteTeamCountry "MKD"]
[BlackTeamCountry "HUN"]

1. e4 e5 2. Nf3 Nc6 3. d4 exd4 4. Nxd4 Nf6 5. Nxc6 bxc6 6. e5 Qe7 7. Qe2 Nd5 8.
c4 Ba6 9. b3 g6 {The alternatives to this move are: 9...0-0-0, 9...Qh4 and 9...
g5.} 10. f4 Qb4+ {This move was played for the first time on top level in the
game Gelfand,B-Karpov,A/Linares 1992 and nowadays it's frequently used by the
French GM E.Bacrot.} (10... Bg7 11. Qf2 {- see the annotated game Tseshkovsky,
V-Harikrishna,P/Hastings 2002/CBM 93 [Postny]}) 11. Bd2 Qb6 (11... Nxf4 $4 12.
Qe4 $18 {[%csl Rb4,Rf4]}) 12. Qf3 {This move gained popularity in the latest
time. The alternatives are:} (12. Nc3 Bb4 {- see the annotated game Hector,
J-Olsen,H/Nordic GP/CBM 73 [Mikhalevski,V]}) ({The main line is considered to
be} 12. Qe4 f5 13. Qf3 {which is similar to 12.Qf3, see the commented games:
Kasparov,G-Bacrot,E/Sarajevo 2000/CBM 77 [Mikhalevski,V] and Nataf,I-Bacrot,E/
Cannes 2002/CBM 88 [Postny]}) 12... Nb4 (12... Qd4 $6 13. Nc3 Nxc3 14. Qxc3 c5
15. Bd3 $14 {- see the annotated games: Lautier,J-Bacrot,E/Cannes 2002/CBM 88 
[Postny] and Rublevsky,S-Vescovi,G/Poikovsky 2003/CBM 95 [Postny]}) 13. Kd1 {
White is losing his right to castle, but is hoping to make use of his
advantage in space. Black's pieces on the queenside may become out of the game
as well.} Bb7 14. Nc3 c5 15. Qe3 $1 {Strong move, recently introduced by
Lautier.} (15. Nd5 Bg7 16. Bxb4 cxb4 17. Kc2 Bxd5 18. cxd5 O-O 19. Bc4 d6 20.
Rae1 Rae8 $15 {1/2-1/2 Fontaine,R-Marciano,D/France 2002/CBM 88 ext (67)})
15... Qe6 16. Nb5 {[%csl Rc7]} Kd8 $2 $146 {[%mdl 16384] It's hard to believe
in this awkward move. Now black's king is in the same position as his
counterpart, but the other factors are certainly benefit white.} ({The
critical line should be} 16... Na6 17. Kc2 Bg7 18. Re1 O-O {- see the
commented game Lautier,J-Fontaine,R/Aix les Bains 2003/CBM 97 [Postny,E]}) 17.
Be2 a6 (17... Bxg2 18. Rg1 Bb7 19. Bg4 Qb6 20. a3 Nc6 21. Bc3 $40) 18. Nc3 (18.
Bf3 $2 axb5 19. Bxb7 Rb8 $132) 18... Qf5 {[%csl Rc2]} (18... Bxg2 19. Rg1 Bb7
20. Ne4 $16) 19. Rc1 Bxg2 $2 {This capture is losing immediatly. On the other
hand it's very hard to save black's position anyway.} (19... h5 {was
relatively better.}) 20. Rg1 {Black is not able to avoid heave material losses.
} Qh3 (20... Bb7 21. a3 Nc6 22. Bg4 $18 {[%csl Rf5]}) 21. a3 {White is winning
a piece without any compensation.} 1-0

[Event "EU-Cup 18th"]
[Site "Kallithea"]
[Date "2002.09.28"]
[Round "7.3"]
[White "Rublevsky, Sergei"]
[Black "Sokolov, Ivan"]
[Result "1/2-1/2"]
[WhiteElo "2658"]
[BlackElo "2677"]
[Annotator "Postny,E"]
[PlyCount "61"]
[EventDate "2002.09.22"]
[EventType "team-swiss"]
[EventRounds "7"]
[EventCountry "GRE"]
[SourceTitle "CBM 092"]
[Source "ChessBase"]
[SourceDate "2003.02.06"]
[SourceVersion "1"]
[SourceVersionDate "2003.02.06"]
[SourceQuality "1"]
[WhiteTeam "Kazan Ladya"]
[BlackTeam "Sarajevo Bosna"]
[WhiteTeamCountry "RUS"]
[BlackTeamCountry "BIH"]

1. e4 e5 2. Nf3 Nc6 3. d4 exd4 4. Nxd4 Nf6 5. Nxc6 bxc6 6. e5 Qe7 7. Qe2 Nd5 8.
c4 Nb6 9. Nc3 Qe6 10. Qe4 d5 {This way black garanties himself a reasonable,
though a bit passive position.} ({The main playable alternatives are:} 10...
Ba6) (10... Bb4) 11. exd6 cxd6 12. Bd3 {In previous round Rublevsky tried 12.
Be3 against Lautier and achieved no real advantage. The move in the text is
more troublesome for black.} Qxe4+ (12... Ba6 13. Be3 Qxe4 14. Bxe4 Rc8 15. b3
d5 16. Bf5 Bb4 17. Bd2 Rd8 18. O-O-O dxc4 19. Rhe1+ Kf8 20. Bg5 Rxd1+ 21. Rxd1
Ba3+ 22. Kc2 Be7 $13 {1/2-1/2 Zhu Chunhui-Qiao Liang/Suzhou 2001/EXT 2002 (41)}
) 13. Bxe4 Bb7 14. b3 d5 $6 {This strike seems to be premature. The Pd5 will
become isolated and weak.} (14... Be7 {is preferable.}) 15. cxd5 cxd5 16. Bf3 {
It's curious, that the same position arised simultaneously in the game
Movsesian-Kharlov, which was played in the same team match.} Bb4 {Kharlov
tried 16...Be7, but unsuccessfully. The move in the text is better, however
does not solve black's problems either.} 17. Bd2 Ba6 $146 (17... O-O 18. Ne2
Ba3 19. O-O Rac8 20. Be3 Ba6 21. Rfd1 Rfd8 22. Nf4 $16 {1/2-1/2 Mukhametov,
E-Muco,F/Bern 1995/EXT 2000 (61)}) 18. O-O-O O-O 19. Kb2 $1 (19. Nxd5 Nxd5 20.
Bxd5 Ba3+ 21. Kb1 Bd3+ 22. Ka1 Rad8 23. Bb4 $1 Bxb4 24. Rxd3 $14) 19... Rab8 (
19... d4 20. Nb1 Bxd2 21. Rxd2 Rad8 22. Rhd1 d3 23. Be4 {[%csl Rd3] and white
is winning the pawn.}) 20. Be3 $2 ({This was the right time to capture the
pawn:} 20. Nxd5 Nc4+ (20... Bxd2 21. Nxb6 Rbd8 (21... Rfd8 22. Nd5 {[%cal
Rd5e7,Re7c6]}) 22. Nd5 Ba5 23. b4 $18) 21. bxc4 Bxd2+ 22. Ka3 {[%csl Gd5] and
the white knight dominates the board.}) 20... Rfc8 21. Nxd5 Nxd5 22. Rxd5 $6 (
22. Bxd5 Bc3+ 23. Kb1 Be2 {Probably this move was the main concern of
Rublevsky, but white remains on top after:} 24. Bxa7 $1 Bxd1 (24... Rb5 25. a4
Ra5 26. Bb6 $18) 25. Rxd1 $16) 22... Bc3+ 23. Kb1 (23. Ka3 $6 Bb4+ 24. Ka4 Rc2
{looks dangerous for white.}) 23... Bc4 24. Rdd1 $6 ({Again possible was} 24.
Bxa7 Bxd5 25. Bxd5 {but probably Rublevsky did not really believe in his
chances for a win in this position.}) 24... Be6 {[%csl Rb3][%cal Ge6f5,Ya7a5,
Ya5a4] It's clear, that black has a compensation for the pawn, but he is still
fighting for a draw.} 25. Be4 a5 26. Bd4 $6 ({White's last winning attempt was:
} 26. Rd3 f5 (26... a4 27. Rc1) 27. Rc1 (27. Bd5 Bxd5 28. Rxd5 a4 $36) 27...
fxe4 (27... Bxb3 $2 28. axb3 Rxb3+ 29. Kc2 fxe4 30. Kxb3 $18) 28. Rdxc3 Rxc3
29. Rxc3 a4 30. Kb2 {still retaining some winning chances.}) 26... a4 27. Bxc3
Rxc3 28. Kb2 Rc5 29. Bc2 (29. Rd3 axb3 30. axb3 Rcb5 $11) 29... Rxc2+ $1 {
A small combination, which ends the fight peacefully.} 30. Kxc2 axb3+ 31. axb3
1/2-1/2

[Event "EU-Cup 18th"]
[Site "Kallithea"]
[Date "2002.09.27"]
[Round "6.3"]
[White "Rublevsky, Sergei"]
[Black "Lautier, Joel"]
[Result "1/2-1/2"]
[WhiteElo "2658"]
[BlackElo "2663"]
[Annotator "Postny,E"]
[PlyCount "72"]
[EventDate "2002.09.22"]
[EventType "team-swiss"]
[EventRounds "7"]
[EventCountry "GRE"]
[SourceTitle "CBM 092"]
[Source "ChessBase"]
[SourceDate "2003.02.06"]
[SourceVersion "1"]
[SourceVersionDate "2003.02.06"]
[SourceQuality "1"]
[WhiteTeam "Kazan Ladya"]
[BlackTeam "Paris NAO"]
[WhiteTeamCountry "RUS"]
[BlackTeamCountry "FRA"]

1. e4 e5 2. Nf3 Nc6 3. d4 exd4 4. Nxd4 Nf6 5. Nxc6 bxc6 6. e5 Qe7 7. Qe2 Nd5 8.
c4 Nb6 9. Nc3 Qe6 {This is the most popular continuation and a solid one. More
aggressive alternative is 9...a5.} 10. Qe4 d5 {This is probably the most
rational way to the equality. On the other hand after the forthcoming QQ
exchange black gets the position with no real possibilities for active
counterplay. The main alternative 10...Ba6 leads to more complicated game.} 11.
exd6 cxd6 12. Be3 {A rare move in this position and probably not the most
precise one.} (12. Bf4 d5 (12... f5 13. Qxe6+ Bxe6 14. O-O-O Rd8 15. b3 Be7 16.
h4 Kf7 17. Rh3 Rhe8 $11 {1/2-1/2 Minasian,A-Dervishi,E/Yerevan 2000/CBM 78 (55)
}) 13. cxd5 Nxd5 14. Bd2 Nxc3 15. Qxe6+ Bxe6 16. Bxc3 Bd5 17. O-O-O f6 18. Ba6
Bc5 19. f3 Kf7 $11 {1/2-1/2 Kotsur,P-Savon,V/Tula 2001/EXT 2002 (24)}) ({
The move} 12. Bd3 {can be considered, as the main line. After the following}
Qxe4+ {white recaptures by} 13. Bxe4 {putting pressure along the h1-a8
diagonal.}) 12... Qxe4 13. Nxe4 Bf5 {Driving out the white knight from it's
active position.} 14. Nc3 {According to my database this position appeared
only once, and after 14...Be6 a draw was agreed.} Be7 15. Be2 O-O 16. O-O ({
Comes into consideration} 16. Rd1) 16... Be6 17. b3 d5 18. cxd5 Nxd5 {It is
important for black to get rid of his bad knight.} 19. Nxd5 Bxd5 {[%csl Gd5]}
20. Bf3 $1 {White must eliminate black's strong Bd5 in order to get some
chances for the advantage, even spoiling his own pawn formation.} (20. Rac1 a5
$11 {[%cal Ga5a4]}) 20... Bxf3 21. gxf3 {The position is getting closer to a
draw, but white still keeping tiny advantage, because of black's queenside
pawns.} Ba3 $1 {[%csl Yc1] This move prevents from the white rooks to occupy
the "c" file and put a pressure on the weakness on c6.} 22. Rad1 Rfe8 (22...
Rfd8 $2 23. Rxd8+ Rxd8 24. Bxa7 Rd2 25. Ra1 $16) ({Also playable for black is} 
22... a5 23. Rd7 Rfd8 24. Rfd1 Rxd7 25. Rxd7 h6) 23. Rd7 a5 24. Rfd1 h6 25. Rc7
({I think, that white could create more problems for black after} 25. R1d4 $1
Re7 26. Rxe7 Bxe7 27. Ra4) 25... Re6 26. Rdd7 Rf6 (26... Bd6 $6 27. Rb7 (27.
Rxc6 $4 Bxh2+ $19) 27... a4 28. f4 (28. Rxf7 $2 Rg6+ 29. Kf1 axb3 30. axb3 Bxh2
31. Bd4 Rg1+ 32. Ke2 Re8+ {and black has nothing to worry about.}) 28... axb3
29. axb3 $14) 27. Kg2 Rg6+ 28. Kf1 Rf6 {Now the drawbacks of white's pawn
structure are clear. White can not improve his position by pushing his
kingside pawns forward, therefore he has to admit the equality.} 29. Kg2 Rg6+
30. Kh3 Rf6 31. f4 Bb2 32. Kg4 (32. a4 Rb8 33. Rd3 Ba3 {and white achieves
nothing.}) 32... a4 {Black exchanges his weak pawn and the position becomes
completely equal.} 33. Ra7 Rxa7 34. Rxa7 axb3 35. axb3 Rd6 36. Rc7 Ba3 1/2-1/2

[Event "Zuerich Kortschnoj-A"]
[Site "Zuerich"]
[Date "2001.04.28"]
[Round "5"]
[White "Kasparov, Garry"]
[Black "Unzicker, Wolfgang"]
[Result "1-0"]
[WhiteElo "2827"]
[BlackElo "2432"]
[Annotator "Postny,E"]
[PlyCount "51"]
[EventDate "2001.04.28"]
[EventType "tourn"]
[EventRounds "5"]
[EventCountry "SUI"]
[EventCategory "14"]
[SourceTitle "CBM 083"]
[Source "ChessBase"]
[SourceDate "2001.07.05"]
[SourceVersion "1"]
[SourceVersionDate "2001.07.05"]
[SourceQuality "1"]

1. e4 e5 2. Nf3 Nc6 3. d4 exd4 4. Nxd4 Bb4+ 5. c3 Bc5 6. Be3 Bb6 {This
variation is often employed by GM A.Miles.} 7. Qg4 $5 $146 (7. Be2 Nge7 8. c4
d6 9. O-O O-O 10. Nc3 f5 11. Nxc6 Nxc6 12. Bxb6 axb6 13. exf5 Bxf5 14. Qd2 Kh8
15. f4 Qd7 16. Bf3 Bg4 17. Rae1 Bxf3 18. Rxf3 Ne7 19. Rfe3 Ng8 20. Re6 $14 {
1-0 Hennigan,M-Miles,A/England 1999/EXT 2000 (64)}) (7. Nf5 Bxe3 8. Nxe3 Nf6 9.
f3 O-O 10. c4 d6 11. Nc3 Nd7 12. Qd2 Nc5 13. Be2 f5 14. exf5 Bxf5 15. Nxf5 Rxf5
16. O-O-O a5 17. Rhe1 Rf7 18. g3 Qd7 19. f4 Nb4 20. b3 Qf5 21. Nb5 Ne4 22. Bd3
Nxd2 23. Bxf5 Nf3 24. Re3 Rxf5 25. Rxf3 Na6 26. Re3 $14 {1/2-1/2 Ivanchuk,
V-Morovic Fernandez,I/Cap d'Agde 1998/EXT 99 (43)}) 7... Qf6 (7... g6 $6 8. Nd2
d5 9. Qg3 $14) 8. Qg3 $1 {[%csl Gg3][%cal Yg3g7,Yg3c7,Gd4b5]} Nxd4 $2 {Wrong
choice.} (8... Qe5 {was probably the most reasonable continuation.For example:}
9. Nd2 (9. f4 $2 Qxe4 10. Nd2 Qg6 $17) 9... Qxg3 10. hxg3 Ne5 (10... d6 11. Nc4
$14) 11. Be2 d6 {and black gets a reasonable position.}) 9. cxd4 Bxd4 $6 {
Continuing the idea of the previous move, black is accepting the poisoned pawn.
} (9... d5 {was the least of the evils.} 10. exd5 Ne7 11. Nc3 (11. Bb5+ c6 12.
dxc6 bxc6 13. Ba4 Bxd4 14. Bxd4 Qxd4 15. Nc3 O-O $14) 11... O-O (11... Nf5 12.
Bb5+ $16) 12. Qe5 $16) 10. Bxd4 Qxd4 11. Nc3 Ne7 (11... Nf6 12. Rd1 Qb6 13. e5
Nh5 14. Qg4 Qg6 15. Qc4 {[%csl Rc7,Rh5][%cal Gg2g4]} Qg5 16. Qxc7 O-O 17. h4
Qg6 18. g3 {totally dominating.}) (11... d6 12. Rd1 Qe5 13. f4 {with big
advantage.}) 12. Qxc7 O-O 13. Rd1 Qb4 14. Rd2 {[%csl Gc7] Black's position is
strategically lost. His queenside is paralized.} Ng6 ({More stubborn was} 14...
Nc6 15. Be2 $1 (15. Qd6 $16) 15... f5 16. a3 Qe7 (16... Qb3 17. e5) 17. exf5
Rxf5 18. O-O {[%csl Ya7,Ya8,Yb7,Gc7,Yc8,Rd7]}) 15. Be2 f5 {A desperate attempt
for counterplay.} 16. Bc4+ Kh8 17. Nd5 Qa4 18. exf5 Rxf5 19. O-O Qc6 20. Bb3
Qxc7 21. Nxc7 {The queen exchange doesn't save black's position.Every white's
move contains a threat; black just doesn't have any resources to fight.} Rb8
22. Re1 b6 23. Nb5 Bb7 24. Nd6 Rff8 25. Nf7+ Kg8 26. Rxd7 {It's amazing how
quickly and easily Kasparov managed to get a winning position straight after
the opening!} 1-0